[Event "IECG CF.2004.0.00062 email"]
[Site "IECG email"]
[Date "2004.08.03"]
[Round "?"]
[White "Metz, Larry R"]
[Black "Plisko, Kristijan"]
[Result "1-0"]
[WhiteElo "1100"]
[BlackElo "1053"]
[PlyCount "59"]
[EventDate "2004.08.03"]
[EventType "tourn (corr)"]
[EventRounds "6"]
[SourceTitle "Corr 2008"]
[Source "ChessBase"]
[SourceDate "2008.06.24"]
[SourceVersion "1"]
[SourceVersionDate "2008.06.24"]
[SourceQuality "1"]

1. e4 e6 2. d4 d5 3. exd5 exd5 4. c4 Nf6 5. Nc3 Bb4 6. Bd3 0-0 7. Nge2 Re8 8. 0-0 c6 9. a3 dxc4 10. Bxc4 Bxc3 11. bxc3 Nd5 12. Nf4 b5 13. Bxd5 cxd5 14. Qb3 Bb7 15. a4 Na6 16. Qxb5 Rb8 17. Bd2 Nc7 18. Qc5 a6 19. Rfe1 Ne6 20. Nxe6 Rxe6 21. Rxe6 fxe6 22. Qa7 Bc6 23. Qxa6 Qb6 24. Qxb6 Rxb6 25. a5 Rb7 26. f4 h6 27. a6 Ra7 28. Ra5 Kf7 29. Be3 Ke7 30. Bc1 1-0

[Event "IECG CF.2004.0.00062 email"]
[Site "IECG email"]
[Date "2004.08.03"]
[Round "?"]
[White "Plisko, Kristijan"]
[Black "Castellano, Antonio Jr"]
[Result "0-1"]
[WhiteElo "1053"]
[BlackElo "1006"]
[PlyCount "80"]
[EventDate "2004.08.03"]
[EventType "tourn (corr)"]
[EventRounds "6"]
[SourceTitle "Corr 2008"]
[Source "ChessBase"]
[SourceDate "2008.06.24"]
[SourceVersion "1"]
[SourceVersionDate "2008.06.24"]
[SourceQuality "1"]

1. d4 d5 2. c4 c6 3. Nf3 Nf6 4. Nc3 e6 5. e3 g6 6. Bd3 Bg7 7. 0-0 0-0 8. e4 b6 9. e5 Ng4 10. h3 Nh6 11. Bg5 Qd7 12. cxd5 exd5 13. b4 Nf5 14. Re1 h6 15. Bf4 a6 16. Qc1 Kh7 17. Bxf5 Qxf5 18. Na4 b5 19. Nc5 Qh5 20. e6 Bxe6 21. Nxe6 fxe6 22. Be5 Qf5 23. Bxg7 Kxg7 24. Qc3 Ra7 25. Re2 Re7 26. Ne5 Qf6 27. a4 bxa4 28. Rxa4 Qg5 29. Ra3 Rf6 30. Qe3 Qxe3 31. fxe3 Rb7 32. Rc2 Rb6 33. Rac3 Rxb4 34. Nxc6 Rb1+ 35. Kh2 Nxc6 36. Rxc6 Re1 37. Rxa6 Rxe3 38. Rd2 Rf4 39. Ra1 h5 40. Rg1 Ree4 0-1